[Event "Azerbaijan-ch KO-Final 2022"]
[Site "Nakhchivan"]
[Date "2022.02.18"]
[Round "2.2"]
[White "Suleymanli, Aydin"]
[Black "Durarbayli, Vasif"]
[Result "0-1"]
[WhiteElo "2530"]
[BlackElo "2615"]
[Annotator "TA"]
[PlyCount "66"]
[EventDate "2022.02.05"]
[EventType "k.o."]
[EventCountry "AZE"]
[SourceTitle "playchess.com"]
[Source "ChessBase"]
[SourceQuality "1"]

{[%evp 20,66,8,-32,-33,-33,-35,-47,-20,-39,-31,-52,-66,-117,-109,-98,-50,-49,-43,-37,-39,-40,-33,-42,-39,-42,-48,-93,-79,-236,-157,-229,-231,-293,-284,-270,-265,-425,-429,-426,-417,-659,-657,-1064,-943,-1125,-1064,-29982,-29983]} 1. d4 d5 2. c4 e6 3. Nc3 c6 4. e3 Nf6 5. Nf3 Nbd7 {[%cal Bb8d7,Bd7e5,Be5f3][%mdl 32]} 6. Qc2 Bd6 7. b3 O-O 8. Bb2 e5 9. dxe5 Nxe5 10. cxd5 cxd5 11. Be2 Nxf3+ $1 {D45: Semi-Slav: 5 e3.} 12. Bxf3 d4 $1 13. exd4 Re8+ {Black is slightly better.} 14. Kf1 Qa5 {[%mdl 1024] Black has compensation.} 15. a3 Bf5 16. Qd1 ({White should play} 16. Qd2 $15) 16... Rac8 $17 {Black is much more active. White has bad knights.} 17. b4 {[#]} Qa6+ (17... Qb6 $1 $17 {Strongly threatening ...a5.} 18. Kg1 a5) 18. Kg1 $15 Ne4 $36 {[%mdl 2048] [#] Black has the initiative.} 19. Bxe4 $146 ({Predecessor:} 19. Nxe4 Bxe4 20. Be2 Qc6 21. Rc1 Qd5 22. f3 Bg6 23. Qd2 Qf5 24. g4 Qf4 25. Qxf4 Bxf4 26. Rxc8 Rxc8 {0-1 (62) Grant,J (2283)-Hillarp Persson,T (2552) Dresden 2007}) 19... Bxe4 20. h4 Bf5 21. Qf3 Bd7 22. h5 h6 23. g3 (23. Rh4 $15 {deserves consideration.}) 23... Qc4 $17 {Threatens to win with ...Qb3.} 24. Qd1 {[#] To avoid Qb3. This costs White the game.} (24. Rb1 $17 {might work better.}) 24... f5 {White must now prevent ...f4.} 25. Rh4 {To avoid f4} (25. Rc1 $17) 25... f4 $19 26. gxf4 Qf7 27. Qd3 Bf5 {Inhibits Ne4.} ({Not} 27... Be7 28. Rh2 $17) 28. Qd2 (28. Qd1 {was called for.}) 28... Qf6 29. Rh2 Bg4 30. Nd5 (30. Qd3 $142 Bxf4 31. Rg2) 30... Qf7 {[%csl LRd5,LRh5]} 31. Ne3 Bxf4 ({And not} 31... Qxf4 32. Rh4 $17) 32. Rh4 Bf3 {A strong pair of Bishops.} 33. Rh3 Bxe3 {Weighted Error Value: White=0.87/Black=0.04 (flawless)} 0-1